| 000 | 00734nam a2200205 a 4500 | ||
|---|---|---|---|
| 001 | 000010332 | ||
| 005 | 20240412074217.0 | ||
| 008 | 091006s1993 dr a 000 p spa d | ||
| 040 |
_aDO-SdBNP _bspa _cBNPHU |
||
| 082 |
_aRD861.44 _bG216ef |
||
| 100 | 1 |
_aGarcía de Rosario, Carmen Altagracia _925347 |
|
| 245 | 1 | 0 |
_aEfluvios de medio siglo / _cCarmen Altagracia García de Rosario ; prólogo Gilberto De la Rosa Rodríguez. |
| 260 |
_aSanto Domingo : _bTaller, _c1993. |
||
| 300 |
_a77 p. : _bil. ; _c20 cm. |
||
| 590 | _aInventariado, 2018/BT | ||
| 650 | 0 |
_aPoesía dominicana _966 |
|
| 650 | 0 |
_aLiteratura dominicana. _967 |
|
| 700 | 1 | 2 |
_aRosa Rodríguez, Gilberto de la, _epról. _925348 |
| 910 | _aValidado. Control de calidad. MFF | ||
| 999 |
_c10091 _d10091 |
||